1856 1478 1936 1186 1397 1881 1824 1617 1633 1516 1643 1384 1478 1164 1043 1624 1934 1342 1084 1739 1257 1787 1487 1105 1842 1624 1389 1806 1733 1400 1688 1674 1125 1491 1544 1690 1850 1884 1881 1455 1611 1207 1087 1868 1985 1595 1291 1292 1285 1626 1012 1632 1793 1198 1505 1397 1733 1114 1618 1639 1249 1274 1504 1957 1349 1619 1899 1224 1767 1365 1076 1386 1367 1629 1483 1588 1503 1272 1428 1796 1812 1139 1665 1401 1787 1702 1528 1672 1589 1881 1570 1803 1329 1079 1304 1534 1289 1826 1036 BCNSPRNW ULIB Ver.6.0+V

เปลี่ยนเป็นภาษาไทย

Change to English
 แสดงรายละเอียดบรรณานุกรม
  กลับหน้าหลัก

Brief Record : Get Marc (ISO 2709) : E-mail record : QR code < ปิดหน้าต่าง
LEADER : 00000nam 2200000uu 4500
001    13399128838
003     ULIB
008    241009s2563||||th 000 0 tha d
020    ^a9786164974265
050  4 ^aZ1001^bท668ค
100 0  ^aเทอดศักดิ์ ไม้เท้าทอง
245 10 ^aคู่มือการเขียนเอกสารอ้างอิงและบรรณานุกรม /^cเทอดศักดิ์ ไม้เท้าทอง
250    ^aพิมพ์ครั้งที่ 2
260    ^aพระนครศรีอยุธยา :^bโรงพิมพ์ไพบูลย์พิพัฒน์,^c2563
300    ^a130 หน้า :^bภาพประกอบ ;^c21 ซม.
504    ^aมีบรรณานุกรม
650  0 ^aBibliographical citations
650  0 ^aBibliography
650  4 ^aการอ้างอิงและบรรณานุกรม^vคู่มือ
650  4 ^aบรรณานุกรม
945    ^p150^l0^i011060
999    ^aประนอม เกษจรัล
รายการนี้ยังไม่มีแท็ก
คุณยังไม่ได้ล็อกอิน คุณสามารถมีกิจกรรมร่วมกับเว็บไซต์ได้ แต่ต้องล็อกอินก่อน ::
  ล็อกอิน

รายการสื่อสารสนเทศ

ลำดับที่ ประเภท เลขเรียก/บาร์โค้ด สถานที่ สถานะ
1. การศึกษาทั่วไป
หนังสือสำรอง
สถานะ=หนังสือสำรอง
Z1001 ท668ค ฉ.1 
  Barcode: 011060
ห้องสมุดวิทยาเขตสวรรค์ประชารักษ์
►หนังสือทั่วไป
บนชั้น

รายการใกล้เคียง
    ผู้แต่ง [เทอดศักดิ์ ไม้เท้าทอง]

    หัวเรื่อง [บรรณานุกรม]

BibComment


ยังไม่เคยถูกคอมเมนท์

คอมเมนท์ทรัพยากรรายการนี้
  คอมเมนท์: คู่มือการเขียนเอ..


 Copyright 2026. Bcnsprnw @Library